| Поле | Название | Значение |
| |
Тип записи |
a |
| |
Библиографический уровень |
m |
| 001 |
Контрольный номер |
RU/IS/BASE/513707043 |
| 005 |
Дата корректировки |
20240205152458.6 |
| 010 |
Индекс ISBN |
__ |
| a |
ISBN |
978-5-389-09158-0 (в пер.) |
| d |
Цена |
260-21 |
| 100 |
Данные общей обработки |
__ |
| a |
Данные общей обработки |
19161101d2015||||||| 0rusy0189 ca |
| 101 |
Язык документа |
1_ |
| a |
Язык текста |
rus |
| c |
Язык оригинала |
eng |
| 102 |
Страна публикации |
__ |
| a |
Страна публикации |
ru| |
| 105 |
Кодированные данные (монография) |
__ |
| a |
Кодированные данные (монография) |
||||||||000zy |
| 200 |
Заглавие и сведения об ответственности |
1_ |
| a |
Заглавие |
Рожденная водой |
| e |
Сведения, относящиеся к заглавию |
[роман : 16+] |
| f |
Первые сведения об ответственности |
Рейчел Уорд ; [перевод с английского И. Иванова] |
| b |
Общее обозначение материала |
Текст |
| h |
Номер части |
Кн. 2 |
| 210 |
Выходные данные |
1_ |
| a |
Место издания |
Санкт-Петербург |
| c |
Издательство |
Азбука |
| d |
Дата издания |
2015 |
| 215 |
Физическое описание |
__ |
| a |
Объем |
284, [1] с. |
| d |
Формат |
20 см |
| 225 |
Серия |
2_ |
| a |
Серия |
Lady Fantasy |
| 300 |
Общие примечания |
__ |
| a |
Общие примечания |
5000 экз. |
| 300 |
Общие примечания |
__ |
| a |
Общие примечания |
На обл.: От автора всемирного бестселлера "Числа" |
| 327 |
Примечание о содержании |
0_ |
| a |
Примечание о содержании |
Темная вода |
| 330 |
Аннотация |
__ |
| a |
Аннотация |
Ник всегда любила воду. Попасть в сборную по плаванию для нее значило очень много. Практически все. Когда в бассейне Ник начинает слышать некий потусторонний голос, в поисках разгадки она обращается к своему отцу. Но ответы на ее вопросы ведут в прошлое, о котором отец не хочет вспоминать. А когда несколько сверстниц Ник тонут при загадочных обстоятельствах, девушка оказывается единственной, кто способен открыть ужасающую правду... |
| 333 |
Примечание о целевом назначении |
__ |
| a |
Примечание о целевом назначении |
16+. Для детей старше 16 лет |
| 461 |
Уровень набора |
_0 |
| 1 |
|
700 |
| a |
|
Уорд |
| b |
|
Р. |
| 1 |
|
200 |
| a |
|
Темная вода |
| 1 |
|
210 |
| a |
|
Санкт-Петербург |
| c |
|
Азбука |
| d |
|
2015 |
| 1 |
|
225 |
| 1 |
|
010 |
| 606 |
Тематические рубрики |
__ |
| a |
Основная рубрика |
Художественная литература |
| 606 |
Тематические рубрики |
__ |
| a |
Основная рубрика |
Литература Европы (произведения) |
| y |
Географическая подрубрика |
Англия |
| y |
Географическая подрубрика |
Великобритания |
| 610 |
Ключевые слова |
0_ |
| a |
Ключевые слова |
английская литература |
| a |
Ключевые слова |
зарубежная литература |
| a |
Ключевые слова |
иностранная литература |
| a |
Ключевые слова |
молодежная литература |
| a |
Ключевые слова |
романы |
| a |
Ключевые слова |
тема мести |
| a |
Ключевые слова |
тема мистики |
| a |
Ключевые слова |
тема смерти |
| 686 |
Индексы других классификаций |
__ |
| 2 |
Код системы |
rubbks |
| a |
Классификационный индекс |
84(4Вел)6-445; ст84(4Вел)-4 |
| 700 |
Автор |
_1 |
| a |
Фамилия |
Уорд |
| b |
Имя |
Р. |
| g |
Полное личное имя |
Рейчел |
| 4 |
Код отношения |
070 |
| 702 |
Вторичная интеллектуальная ответственность |
_1 |
| a |
Фамилия |
Иванов |
| b |
Имя |
И. |
| 4 |
Код отношения |
Переводчик |
| 4 |
Код отношения |
730 |
| 801 |
Источник записи |
_0 |
| a |
Страна |
ru |
| b |
Организация |
Муниципальное бюджетное учреждение культуры "Централизованная библиотечная система" г. Сургут (Центральная городская библиотека им. А. С. Пушкина) |
| c |
Дата составления |
20161101 |
| g |
Правила каталогизации |
КиК/Апакова; КиК/Коробейникова |
| 801 |
Источник записи |
_1 |
| a |
Страна |
ru |
| b |
Организация |
Муниципальное бюджетное учреждение культуры "Централизованная библиотечная система" г. Сургут (Центральная городская библиотека им. А. С. Пушкина) |
| c |
Дата составления |
20161101 |
| g |
Правила каталогизации |
КиК/Апакова; КиК/Коробейникова |
| 852 |
Данные о местонахождении |
__ |
| j |
Шифр хранения |
84(4Вел)6-445 |
| i |
Авторский знак |
У 64 |
| 901 |
Тип документа |
__ |
| t |
Тип документа |
n |
| w |
Контрольный № источника |
RU/IS/BASE/513705981 |
| 903 |
Характеристики (МАРС) |
__ |
| a |
Дата передачи |
20161101; 20160411 |
| 990 |
Данные о заказе (DOS) |
__ |
| j |
Количество экземпляров (DOS) |
2; 9 |
| t |
N записи в КСУ для И/У (DOS) |
201611; 201604 |